Góp phần tìm hiểu đặc điểm nghệ thuật quân sự Việt Nam trong lịch sử giữ nước
Wedi'i Gadw mewn:
| Prif Awdur: | |
|---|---|
| Fformat: | Llyfr |
| Iaith: | Undetermined |
| Cyhoeddwyd: |
Hà Nội
QĐND
2000
|
| Pynciau: | |
| Tagiau: |
Ychwanegu Tag
Dim Tagiau, Byddwch y cyntaf i dagio'r cofnod hwn!
|
| Thư viện lưu trữ: | Trung tâm Học liệu Trường Đại học Cần Thơ |
|---|
| LEADER | 00633nam a2200193Ia 4500 | ||
|---|---|---|---|
| 001 | CTU_39269 | ||
| 008 | 210402s9999 xx 000 0 und d | ||
| 020 | |b 20.000đ | ||
| 082 | |a 355 | ||
| 082 | |b Đ250 | ||
| 100 | |a Hồ Đệ | ||
| 245 | 0 | |a Góp phần tìm hiểu đặc điểm nghệ thuật quân sự Việt Nam trong lịch sử giữ nước | |
| 245 | 0 | |c Hồ Đệ | |
| 260 | |a Hà Nội | ||
| 260 | |b QĐND | ||
| 260 | |c 2000 | ||
| 650 | |a military art and science - vietnam,vietnam - history | ||
| 904 | |i Minh, 001108 | ||
| 980 | |a Trung tâm Học liệu Trường Đại học Cần Thơ | ||